| 000 | 00470nam a2200157Ia 4500 | ||
|---|---|---|---|
| 003 | GCL | ||
| 008 | 140319s9999 xx 000 0 eng d | ||
| 040 |
_aGCL / _cGCL |
||
| 082 | 0 | 4 |
_a004.0148 _bT A \\=aVACCA, JOHN R.v |
| 245 | 1 | 0 | _aACRONYMS AND ABBRIVATIONS OF COMPUTER TECHNOLOGY AND TELECOMMUNICATIONS |
| 260 |
_a[S.N] : _bMacmillan Publishing Company ، _c1993 |
||
| 300 | _a291 P | ||
| 650 | 0 | 4 | _aشعر الحرب |
| 650 | 0 | 4 | _aTELECOMMUNICATION |
| 942 |
_2ddc _cBK |
||
| 999 |
_c13598 _d13598 |
||